• 首页
  • 本馆介绍
  • 公告通知
  • 最新文献
  • 馆藏检索
  • 电子资源
  • 读者导购
  • 参考咨询
  • 我的图书馆
  • 登录
  • 详细信息显示
  • 放入我的书架
  • 预约/预借图书
  • 作者相关作品
  • 分类相关作品
  • 丛书相关作品
  • 出版社相关作品

书目信息

  • 表格格式
  • 工作单格式
  • 卡片格式
题名:
Symbian OS C++编程指南
    
 
作者: 李树仁 , 孙晨 , 时磊 编著
分册:  
出版信息: 北京   人民邮电出版社  2009
页数: 270页
开本: 26cm
丛书名: Symbian平台手机软件开发系列丛书
单 册:
中图分类: TN929.53 , TP312C
科图分类:
主题词: C语言--程序设计--应用--移动电话--教材 , C语言 , 程序设计 , 移动电话机
电子资源:
ISBN: 978-7-115-19571-5
000 01144oam2 2200337 45
001 1029974617
005 20100429094041.95
010    @a978-7-115-19571-5@dCNY49.00
100    @a20100420d2009 ekmy0chiy0120 ea
101 0  @achi
102    @aCN@b110000
105    @ay z 000yy
106    @ar
200 1  @aSymbian OS C++编程指南@ASymbian OS C++ Bian Cheng Zhi Nan@f李树仁,孙晨,时磊编著@FLi Shu Ren, Sun Chen, Shi Lei Bian Zhu
210    @a北京@c人民邮电出版社@d2009
215    @a270页@d26cm
225 2  @aSymbian平台手机软件开发系列丛书
300    @aJblook结伴求职3G软件培训经典教材
330    @a本书讲解了Symbian OS C++基础知识,还包括集成开发环境的搭建、IDE的调试方法、使用方法以及如何安装应用程序到手机上等。
461  0 @12001 @aSymbian平台手机软件开发系列丛书
606 0  @aC语言@x程序设计@x应用@x移动电话@j教材
606 0  @aC语言
606 0  @a程序设计
606 0  @a移动电话机
690    @aTN929.53@v4
690    @aTP312C@v4
701  0 @a李树仁@ALi Shu Ren@4编著
701  0 @a孙晨@ASun Chen@4编著
701  0 @a时磊@AShi Lei@4编著
801  0 @aCN@bTANGWEI@c20100429
905    @b0595141-45@dTN929.53@e58@f5
    
    Symbian OS C++编程指南/李树仁,孙晨,时磊编著.-北京:人民邮电出版社,2009
    270页;26cm.-(Symbian平台手机软件开发系列丛书)
    Jblook结伴求职3G软件培训经典教材
    
    ISBN 978-7-115-19571-5:CNY49.00
    本书讲解了Symbian OS C++基础知识,还包括集成开发环境的搭建、IDE的调试方法、使用方法以及如何安装应用程序到手机上等。
●
相关链接 在E读中查询图书 在五车中查询图书 在当当中查询图书 在豆瓣中查询图书


正题名:Symbian OS C++编程指南     索取号:TN929.53/58         预约/预借

序号 登录号 条形码 馆藏地/架位号 状态 备注
1 0595141   205951415   第二样本阅览室/ [索取号:TN929.53/58] 在馆    
2 0595142   205951424   第三借阅区/ [索取号:TN929.53/58] 在馆    
3 0595143   205951433   第三借阅区/ [索取号:TN929.53/58] 在馆    
4 0595144   205951442   第三借阅区/ [索取号:TN929.53/58] 在馆    
5 0595145   205951451   第三借阅区/ [索取号:TN929.53/58] 在馆    
唐山师范学院图书馆 欢迎您!
大连网信软件有限公司© 版权所有